Normal view
MARC view
Entry Nombre personal
001 - NÚMERO DE CONTROL
- campo de control: 7223
003 - IDENTIFICADOR DE NÚMERO DE CONTROL
- campo de control: Biblioxarxa
005 - FECHA Y HORA DE LA ÚLTIMA TRANSACCIÓN
- campo de control: 20251119201729.0
008 - ELEMENTOS DE DATO DE LONGITUD-FIJA
- campo de control de longitud fija: 251119|| aca||aabn | a|a d
040 ## - FUENTE DE CATALOGACIÓN
- Centro catalogador/agencia de origen: Biblioxarxa
- Centro/agencia transcriptor: Biblioxarxa
100 ## - ENCABEZAMIENTO-NOMBRE DE PERSONA
- Nombre de persona: Vázquez, Iván
- Forma completa/desarrollada del nombre: Vázquez Ortega
670 ## - FUENTE DE DATOS ENCONTRADOS
- Cita de la fuente: Work cat.: (Biblioxarxa)5906: Càmara, Sergi 1964- 4955, La pequeña semilla, 2002